000 00449nam a2200181Ia 4500
001 20536
005 20260306172813.0
008 260306t2004||||xx |||||||||||||| ||spa||
041 _aESP
082 _a343.4
_bC33
100 _aCastillo Córdova, Luis
_eAUT
245 0 _aEl principio de libertad en el sistema educativo
260 _c2004
300 _a250 páginas :
_c23 cm.
650 _aGEN
654 _aCDE
942 _cLIB
_dJUS
_fJUS
_2ddc
_n
999 _c20536
_d20536